Najbogatsi Polacy - Statystyki

Ogólne statystyki
  • Ten quiz został rozwiązany 10 razy
  • Średni wynik to 4 z 15
Statystyki odpowiedzi
Pięniądze Odpowiedź % Poprawnych
8,8 mld zł Dominika Kulczyk
60%
8,5 mld zł Zygmunt Solorz
60%
13 mld zł Michał Sołowow
50%
7,4 mld zł Sebastian Kulczyk
50%
3,2 mld zł Rafał Brzoska
40%
24 mld zł Tomasz Biernacki
40%
9,5 mld zł Jerzy Starak
30%
3,2 mld zł Jakub Zabłocki
20%
8,6 mld zł Paweł Marchewka
20%
4,9 mld zł Arkadiusz Muś
10%
2,6 mld zł Dariusz Miłek
10%
3,7 mld zł Leszek Gierszewski
10%
6,1 mld zł Łukasz Nosek
10%
2,6 mld zł Antoni Ptak
0%
2,7 mld zł Zbigniew Jakubas
0%
Nie znaleziono quizów pasujących do podanych kryteriów
Rozkład punktacji
Procent ludzi z każdym wynikiem
Percentyl według liczby udzielonych odpowiedzi
Twoja historia wyników
Nie rozwiązałeś tego quizu